| 000 | 00717nam a2200277Ia 4500 | ||
|---|---|---|---|
| 008 | 170203s9999 xx 000 0 und d | ||
| 020 | _a0-67179308x | ||
| 050 | _aFic | ||
| 050 | _bD621h | ||
| 100 | _aDixon, Franklin W. | ||
| 245 | _aDanger in the fourth dimension / | ||
| 245 | _cFranklin W. Dixon. | ||
| 260 | _aNew York : | ||
| 260 | _bPocket Books, | ||
| 260 | _c©1993. | ||
| 300 | _a151 pages ; | ||
| 300 | _c20 cm. | ||
| 500 | _a"A Minstrel Book. | ||
| 650 | _aBrothers -- | ||
| 650 | _aDetective and mystery stories. | ||
| 650 | _aHardy boys (Fictitious characters) -- | ||
| 650 | _aTeenage boy detectives -- | ||
| 650 | _xFiction. | ||
| 650 | _xFiction. | ||
| 650 | _xFiction. | ||
| 999 |
_c306457 _d306457 |
||